| 000 | 00629nam a2200181Ia 4500 | ||
|---|---|---|---|
| 008 | 090124s9999 xx 000 0 und d | ||
| 082 |
_b20363 _a1141 |
||
| 100 | _aभागवत अ.ल. | ||
| 245 | _a मनाची अगाधशक्ती व स्वयंसूचना | ||
| 250 | _a2 | ||
| 260 | _c1974 | ||
| 300 | _a176 | ||
| 600 | _aभागवत अ.ल. | ||
| 630 | _a मनाची अगाधशक्ती व स्वयंसूचना | ||
| 700 | _aभागवत अ.ल. | ||
| 730 | _a मनाची अगाधशक्ती व स्वयंसूचना | ||
| 942 | _cBOOK | ||
| 999 |
_c134169 _d134169 |
||